1714 1937 1444 1312 1449 1979 1743 1239 1930 1944 1056 1883 1919 1584 1492 1670 1130 1896 1151 1777 1849 1669 1257 1471 1065 1728 1228 1895 1038 1451 1171 1736 1727 1876 1840 1478 1407 1279 1055 1851 1164 1242 1189 1538 1616 1758 1109 1088 1125 1715 1616 1653 1339 1687 1683 1516 1116 1239 1896 1533 1766 1299 1785 1712 1352 1876 1619 1993 1462 1353 1217 1992 1626 1640 1007 1033 1464 1649 1721 1160 1787 1042 1565 1363 1714 1171 1584 1265 1394 1732 1077 1175 1098 1792 1184 1892 1988 1377 1969 BCNSPRNW ULIB Ver.6.0+V

เปลี่ยนเป็นภาษาไทย

Change to English
 แสดงรายละเอียดบรรณานุกรม
  กลับหน้าหลัก

Brief Record : Get Marc (ISO 2709) : E-mail record : QR code < ปิดหน้าต่าง
LEADER : 00000nam 2200000uu 4500
001    13399122494
003     ULIB
008    020711sมปป. th a 000 0 tha d
020    9789748487311
050  4 BF637.^bB415ร
100    Befor rain
110    ปลายดาว
245    รักกันให้ดีกว่านี้...ก่อนที่จะสายเกินไป/^cBefor rain
250    พิมพ์ครั้งที่ 1
260    กรุงเทพฯ :^bปลายดาว,^cมปป.
300    155 หน้า
945    ^p150^l0^i19953
999    ^aทศพร เกษรทอง
รายการนี้ยังไม่มีแท็ก
คุณยังไม่ได้ล็อกอิน คุณสามารถมีกิจกรรมร่วมกับเว็บไซต์ได้ แต่ต้องล็อกอินก่อน ::
  ล็อกอิน

รายการสื่อสารสนเทศ

ลำดับที่ ประเภท เลขเรียก/บาร์โค้ด สถานที่ สถานะ
1. นวนิยาย
นวนิยาย
BF637. B415ร ฉ.1 
  Barcode: 19953
ห้องสมุดวิทยาเขตสวรรค์ประชารักษ์
►นวนิยาย
บนชั้น
  ขอยืม

BibComment


ยังไม่เคยถูกคอมเมนท์

คอมเมนท์ทรัพยากรรายการนี้
  คอมเมนท์: รักกันให้ดีกว่านี..


 Copyright 2026. Bcnsprnw @Library